An assessment of the teacher service commission code of conduct and ethics on the teacher student sexual relationships in Schools in Kenya/ (Record no. 4000)

000 -LEADER
fixed length control field 00481nam a22001457a 4500
003 - CONTROL NUMBER IDENTIFIER
control field OSt
005 - DATE AND TIME OF LATEST TRANSACTION
control field 20180618155200.0
008 - FIXED-LENGTH DATA ELEMENTS--GENERAL INFORMATION
fixed length control field 180618b xxu||||| |||| 00| 0 eng d
050 ## - LIBRARY OF CONGRESS CALL NUMBER
Classification number RUSC HQ27.A59 2018
100 ## - MAIN ENTRY--PERSONAL NAME
Personal name Anyango, H. Ivy
245 ## - TITLE STATEMENT
Title An assessment of the teacher service commission code of conduct and ethics on the teacher student sexual relationships in Schools in Kenya/
Statement of responsibility, etc Ivy Hellen Anyango
260 ## - PUBLICATION, DISTRIBUTION, ETC. (IMPRINT)
Place of publication, distribution, etc Nairobi
Date of publication, distribution, etc 2018
300 ## - PHYSICAL DESCRIPTION
Extent 46 p:
Dimensions 24cm
942 ## - ADDED ENTRY ELEMENTS (KOHA)
Source of classification or shelving scheme
Koha item type Research Project
Holdings
Withdrawn status Lost status Source of classification or shelving scheme Damaged status Not for loan Home library Current library Shelving location Date acquired Total Checkouts Full call number Barcode Date last seen Price effective from Koha item type
          Riara University Library Riara University Library Special Collection 18/06/2018   RUSC HQ27.A59 2018 10032/18 18/06/2018 18/06/2018 Research Project

Riara University Library,
P.O. Box 49940-00100,
Nairobi, Kenya.